Discovery of Being (Record no. 3468)

MARC details
000 -LEADER
fixed length control field 00635nam a2200253 a 4500
020 ## - INTERNATIONAL STANDARD BOOK NUMBER
ISBN
082 00 - DEWEY DECIMAL CLASSIFICATION NUMBER
Classification number 190
Author Cutter VAD
100 ## - MAIN ENTRY--AUTHOR NAME
Author name Vadakethala, Francis J
245 ## - TITLE STATEMENT
Title Discovery of Being
260 ## - PUBLICATION, DISTRIBUTION, ETC. (IMPRINT)
Place of publication Bangalore
Name of publisher Dharmaram Publications
Year of publication 1970
300 ## - PHYSICAL DESCRIPTION
Number of Pages 148p
500 ## - GENERAL NOTE
General note includes index and biblioraphy
505 2# - FORMATTED CONTENTS NOTE
Formatted contents note Bibl, Index
650 ## - SUBJECT ADDED ENTRY--TOPICAL TERM
Topical Term Philosophy-Epistomology
650 ## - SUBJECT ADDED ENTRY--TOPICAL TERM
Topical Term Metaphysics-Philosophy
942 ## - ADDED ENTRY ELEMENTS (KOHA)
Koha item type Books
700 1# -
-- Vadakethala, Francis J
Holdings
Home library Current library Date acquired Cost, normal purchase price Full call number Accession Number Koha item type
Henry Martyn Institute Library Henry Martyn Institute Library 03/19/2007 10.00 190 VAD 07468 E-Books
                   Copyright © 2026 | Henry Martyn Institute | Hyderabad | TS-500052 | INDIA | Implemented by hmi.edu.in
Hit-Count:

Powered by Koha